Statistics for "Welcome" in 20 Languages

Click here to take the quiz!

General Stats

  • This quiz has been taken 65 times
  • The average score is 13 of 20

Answer Stats

Welcome Language % Correct
WelcomeEnglish
98%
歡迎光臨Mandarin
97%
BienvenueFrench
95%
WillkommenGerman
95%
BienvenidoSpanish
91%
أهلاً و سهلاًArabic
81%
환영합니다Korean
78%
Καλώς ΉρθατεGreek
73%
ようこそJapanese
70%
WelkomDutch
70%
Hoan nghênhVietnamese
69%
ยินดีต้อนรับThai
61%
ברוך הבאHebrew
59%
خوش آمدیدFarsi
58%
स्वागतHindi
55%
WitamyPolish
47%
Selamat datangIndonesian
45%
ÜdvözletHungarian
33%
پخيرPashto
25%
E komo maiHawaiian
20%

Score Distribution

Percentile by Number Answered

Percent of People with Each Score

Your Score History

You have not taken this quiz